[Event "WchT Blitz Pool C"]
[Site "London"]
[Date "2025.06.14"]
[Round "11.6"]
[White "Imomkuzieva, Nilufarkhon"]
[Black "Kiritshenko, Platon"]
[Result "1-0"]
[WhiteElo "2066"]
[BlackElo "1587"]
[PlyCount "115"]
[EventDate "2025.06.14"]
[EventType "team-tourn"]
[EventRounds "13"]
[EventCountry "ENG"]
[SourceTitle "CB25_2025"]
[SourceDate "2025.06.18"]
[SourceVersion "1"]
[SourceVersionDate "2025.06.18"]
[SourceQuality "1"]
[WhiteTeam "Uzbekistan"]
[BlackTeam "OlalaStars"]
[WhiteTeamCountry "UZB"]
[BlackTeamCountry "EST"]

1. e4 c5 2. Nf3 g6 3. d4 cxd4 4. Nxd4 Nc6 5. c4 Bg7 6. Be3 Qb6 7. Nb3 Qd8 8. Nc3 Nf6 9. Be2 0-0 10. 0-0 a5 11. Nd4 Qb6 12. Ndb5 Qd8 13. Rc1 d6 14. b3 Bd7 15. h3 Re8 16. Qd2 Be6 17. f4 Nb4 18. f5 Bd7 19. a3 Na6 20. Bh6 Bh8 21. fxg6 hxg6 22. Nd5 Nxe4 23. Qf4 Nf6 24. Bg5 Rf8 25. Bxf6 exf6 26. Nxd6 Be6 27. Ne4 f5 28. Ng5 Bf6 29. Nxf6+ Qxf6 30. Qh4 Qg7 31. Bf3 Rab8 32. Rfe1 Rfe8 33. Nxe6 Rxe6 34. Qf4 Rbe8 35. Rxe6 Rxe6 36. Bxb7 Nc5 37. Bd5 Nd3 38. Qb8+ Kh7 39. Rf1 Qd4+ 40. Kh2 Re1 41. Rxe1 Nxe1 42. Qg3 Nd3 43. Qf3 Qe5+ 44. Qg3 Qd4 45. Bxf7 Ne5 46. Bd5 f4 47. Qh4+ Kg7 48. Qe7+ Kh6 49. Qf8+ Kg5 50. Qd8+ Kh6 51. Qh8+ Kg5 52. h4+ Kf5 53. Qc8+ Kf6 54. Qd8+ Kg7 55. Qe7+ Kh8 56. Qf8+ Kh7 57. Qg8+ Kh6 58. Qh8# 1-0

[Event "WchT Blitz Pool C"]
[Site "London"]
[Date "2025.06.14"]
[Round "2.6"]
[White "Ivanov, Elizabeth"]
[Black "Kiritshenko, Platon"]
[Result "0-1"]
[WhiteElo "1738"]
[BlackElo "1587"]
[PlyCount "128"]
[EventDate "2025.06.14"]
[EventType "team-tourn"]
[EventRounds "13"]
[EventCountry "ENG"]
[SourceTitle "CB25_2025"]
[SourceDate "2025.06.18"]
[SourceVersion "1"]
[SourceVersionDate "2025.06.18"]
[SourceQuality "1"]
[WhiteTeam "Wood Green Youth"]
[BlackTeam "OlalaStars"]
[WhiteTeamCountry "ENG"]
[BlackTeamCountry "EST"]

1. e4 c5 2. Nc3 Nc6 3. f4 g6 4. Nf3 Bg7 5. Bc4 d6 6. 0-0 Nf6 7. d3 0-0 8. a3 Bd7 9. Qe1 a6 10. Qh4 e6 11. f5 exf5 12. Bg5 Be6 13. exf5 gxf5 14. Nd5 Bxd5 15. Bxd5 Kh8 16. Qh3 Qd7 17. Ba2 Ng4 18. Nh4 Bd4+ 19. Kh1 f6 20. Bd2 Nf2+ 21. Rxf2 Bxf2 22. Nxf5 Nd4 23. Nxd4 Qxh3 24. gxh3 Bxd4 25. c3 Be5 26. Be3 Rae8 27. Bd5 b6 28. Bf2 Bf4 29. Kg2 Bg5 30. Kf3 Re5 31. c4 Rfe8 32. h4 Bh6 33. Be4 f5 34. Bd5 Re2 35. Rb1 R2e5 36. Rg1 f4 37. h5 Rf8 38. Rg2 Rxh5 39. Be4 Rg5 40. Rxg5 Bxg5 41. Kg4 h6 42. h4 Be7 43. Bf5 Kg7 44. h5 Bg5 45. d4 Re8 46. dxc5 bxc5 47. b4 Re2 48. Kf3 Re5 49. Bd7 Kf6 50. b5 axb5 51. cxb5 Re7 52. Bc6 Rc7 53. a4 Ke5 54. a5 Bd8 55. Be4 Ra7 56. a6 Bb6 57. Bc6 d5 58. Bh4 d4 59. Bf2 c4 60. Bg1 c3 61. Bh2 Rf7 62. Be4 Ba7 63. Bg1 d3 64. Bxd3 Bxg1 0-1

[Event "WchT Blitz Pool C"]
[Site "London"]
[Date "2025.06.14"]
[Round "9.6"]
[White "Lobkin, Bohdan"]
[Black "Kiritshenko, Platon"]
[Result "0-1"]
[WhiteElo "1900"]
[BlackElo "1587"]
[PlyCount "167"]
[EventDate "2025.06.14"]
[EventType "team-tourn"]
[EventRounds "13"]
[EventCountry "ENG"]
[SourceTitle "CB25_2025"]
[SourceDate "2025.06.18"]
[SourceVersion "1"]
[SourceVersionDate "2025.06.18"]
[SourceQuality "1"]
[WhiteTeam "Germany and Friends"]
[BlackTeam "OlalaStars"]
[WhiteTeamCountry "GER"]
[BlackTeamCountry "EST"]

1. e4 c5 2. d4 cxd4 3. Qxd4 Nc6 4. Qe3 g6 5. Nc3 Bg7 6. Bc4 Nf6 7. Nge2 0-0 8. h3 d6 9. 0-0 Bd7 10. Rd1 a6 11. a3 Rc8 12. Bb3 Na5 13. Ba2 Nc4 14. Bxc4 Rxc4 15. b3 Rc8 16. Bb2 Qc7 17. Qd3 Rfd8 18. Rac1 Bc6 19. Nd5 Nxd5 20. Bxg7 Kxg7 21. exd5 Bd7 22. c4 Bf5 23. Qd4+ Kg8 24. g3 Bxh3 25. g4 f5 26. f3 fxg4 27. fxg4 Qd7 28. Re1 Qxg4+ 29. Qxg4 Bxg4 30. Nd4 Rd7 31. b4 Rdc7 32. Re4 Bf5 33. Nxf5 gxf5 34. Rf4 b5 35. Rxf5 Rxc4 36. Rcf1 Rg4+ 37. Kh1 Rg3 38. Re1 Rc4 39. Kh2 Rg6 40. Rh5 Rg7 41. Kh3 Rc3+ 42. Kh2 Rxa3 43. Rc1 Ra2+ 44. Kh1 Rf2 45. Rh3 Rf4 46. Rc7 Rxb4 47. Ra7 Rb1+ 48. Kh2 Ra1 49. Rf3 h6 50. Ra8+ Kh7 51. Rff8 Kg6 52. Rac8 b4 53. Rc4 a5 54. Rb8 Kf5 55. Rc2 Ke5 56. Rb5 Rg4 57. Re2+ Re4 58. Rd2 Ra3 59. Kg1 b3 60. Rh2 a4 61. Rh5+ Kd4 62. Rb4+ Kd3 63. Rh3+ Re3 64. Rhh4 Re2 65. Rhd4+ Kc2 66. Kf1 Rd2 67. Rbc4+ Kb1 68. Rxd2 Ra2 69. Rd1+ Kb2 70. Ke1 Ka3 71. Rdd4 Kb2 72. Rxa4 Rxa4 73. Rxa4 Kc3 74. Ra7 b2 75. Rb7 Kc2 76. Rc7+ Kb3 77. Rb7+ Ka2 78. Ra7+ Kb3 79. Rb7+ Kc3 80. Kd1 h5 81. Rc7+ Kb3 82. Rb7+ Kc3 83. Rc7+ Kb3 84. Kd2 0-1

[Event "WchT Blitz Pool C"]
[Site "London"]
[Date "2025.06.14"]
[Round "4.6"]
[White "Mihailidou, Magdalini"]
[Black "Kiritshenko, Platon"]
[Result "0-1"]
[WhiteElo "1922"]
[BlackElo "1587"]
[PlyCount "156"]
[EventDate "2025.06.14"]
[EventType "team-tourn"]
[EventRounds "13"]
[EventCountry "ENG"]
[SourceTitle "CB25_2025"]
[SourceDate "2025.06.18"]
[SourceVersion "1"]
[SourceVersionDate "2025.06.18"]
[SourceQuality "1"]
[WhiteTeam "Chess Rising Stars"]
[BlackTeam "OlalaStars"]
[WhiteTeamCountry "GRE"]
[BlackTeamCountry "EST"]

1. e4 c5 2. Nf3 g6 3. d4 cxd4 4. Qxd4 Nf6 5. e5 Nc6 6. Qa4 Nd5 7. Qe4 Ndb4 8. a3 d5 9. exd6 Bf5 10. Qxb4 Nxb4 11. axb4 Qxd6 12. Bb5+ Bd7 13. Bxd7+ Qxd7 14. 0-0 Bg7 15. Na3 0-0 16. c3 Rfc8 17. Be3 Qf5 18. Rfd1 Rd8 19. Re1 e5 20. Nc4 e4 21. Nd4 Qd5 22. Nd2 f5 23. Ra5 Qd7 24. N2b3 b6 25. Raa1 Qd5 26. Rad1 Rac8 27. Rd2 Be5 28. Nxf5 Qxb3 29. Ne7+ Kf7 30. Nxc8 Rxc8 31. Rd7+ Kg8 32. Bc1 Qa4 33. Re7 Bf6 34. R7xe4 Kf7 35. h3 Qd7 36. Be3 Qd3 37. Rf4 Kg7 38. Ra1 a6 39. Rf3 Qc4 40. b3 Qxb3 41. Rxa6 Rc7 42. Rxb6 Be5 43. g3 Qd1+ 44. Kg2 Qd5 45. c4 Qe4 46. Re6 Rf7 47. Bf4 Qxc4 48. Bxe5+ Kf8 49. Bd6+ Kg8 50. Re8+ Kg7 51. Be5+ Kh6 52. Bf4+ g5 53. Be3 Qd5 54. Bxg5+ Kxg5 55. Re5+ Qxe5 56. Rxf7 Qe4+ 57. Kh2 Kg6 58. Rf4 Qb7 59. h4 Qb5 60. Kh3 Qd7+ 61. Kg2 Qd5+ 62. Kh2 h5 63. Kg1 Qd3 64. Kg2 Qb5 65. Kh2 Qd7 66. Kg2 Qd2 67. Kh2 Kg7 68. Kg2 Kg6 69. Kh2 Qd7 70. Kg2 Qb5 71. Rd4 Kf6 72. Rf4+ Ke6 73. Kh2 Qf1 74. Re4+ Kd5 75. Rf4 Qd3 76. Kg2 Ke5 77. Kh2 Qf1 78. b5 Qxb5 0-1

[Event "WchT Rapid"]
[Site "London"]
[Date "2025.06.12"]
[Round "5.6"]
[White "Kiritshenko, Platon"]
[Black "Veselow, Zoe"]
[Result "1-0"]
[WhiteElo "1732"]
[BlackElo "1775"]
[PlyCount "153"]
[EventDate "2025.06.11"]
[EventType "team-swiss"]
[EventRounds "12"]
[EventCountry "ENG"]
[SourceTitle "CB25_2025"]
[SourceDate "2025.06.18"]
[SourceVersion "1"]
[SourceVersionDate "2025.06.18"]
[SourceQuality "1"]
[WhiteTeam "OlalaStars"]
[BlackTeam "UK Challenge Masters"]
[WhiteTeamCountry "EST"]
[BlackTeamCountry "ENG"]

1. e4 c5 2. Nf3 e6 3. d3 a6 4. g3 d5 5. Nbd2 Nc6 6. Bg2 Nf6 7. 0-0 Be7 8. Re1 0-0 9. e5 Nd7 10. Nf1 Qc7 11. Bf4 b5 12. h4 Bb7 13. Qd2 Rfe8 14. h5 Rac8 15. h6 gxh6 16. Bxh6 Ndxe5 17. N1h2 Ng6 18. Ng4 f5 19. Ngh2 Bf6 20. Rab1 Qd7 21. g4 Bg7 22. Bxg7 Kxg7 23. Bh3 d4 24. gxf5 exf5 25. Qg5 Rf8 26. Nh4 Nce7 27. Re2 Kh8 28. f3 Nxh4 29. Qxh4 Ng6 30. Qg5 Qf7 31. Rbe1 Rce8 32. Kf2 Rxe2+ 33. Rxe2 Qf6 34. Qxf6+ Rxf6 35. Re8+ Kg7 36. Rb8 Bc6 37. Kg3 f4+ 38. Kf2 Bd5 39. Ng4 Re6 40. a3 Re7 41. Rb6 Bb7 42. b3 Bc8 43. Bg2 Ne5 44. Nxe5 Rxe5 45. Rc6 Bf5 46. Rxa6 h5 47. Bf1 h4 48. Rb6 h3 49. Rxb5 Re6 50. Rxc5 h2 51. Bg2 Bh3 52. Bh1 Rg6 53. Rh5 Rg3 54. a4 Kg6 55. Rh8 Kg7 56. Rh4 Bg2 57. Bxg2 Rg6 58. Rxh2 Rc6 59. Rh4 Rxc2+ 60. Kg1 Rc3 61. Bf1 Rxb3 62. Rxf4 Rb4 63. a5 Ra4 64. a6 Rxa6 65. Rxd4 Rf6 66. Kf2 Kf7 67. Re4 Kg6 68. d4 Rd6 69. Bd3 Kf6 70. Ke3 Rd7 71. f4 Rd6 72. Bc4 Rc6 73. Kd3 Kf5 74. d5 Rd6 75. Kd4 Rd7 76. Bd3 Rd8 77. Re8+ 1-0

[Event "WchT Rapid"]
[Site "London"]
[Date "2025.06.12"]
[Round "6.6"]
[White "Ziems, Michael"]
[Black "Kiritshenko, Platon"]
[Result "1/2-1/2"]
[WhiteElo "1890"]
[BlackElo "1732"]
[PlyCount "87"]
[EventDate "2025.06.11"]
[EventType "team-swiss"]
[EventRounds "12"]
[EventCountry "ENG"]
[SourceTitle "CB25_2025"]
[SourceDate "2025.06.18"]
[SourceVersion "1"]
[SourceVersionDate "2025.06.18"]
[SourceQuality "1"]
[WhiteTeam "Berlin Chess Federation"]
[BlackTeam "OlalaStars"]
[WhiteTeamCountry "GER"]
[BlackTeamCountry "EST"]

1. d4 Nf6 2. c4 e6 3. Nc3 d5 4. Bf4 Bb4 5. e3 0-0 6. Nf3 Re8 7. Be2 dxc4 8. Bxc4 Nd5 9. Bxd5 exd5 10. 0-0 Bf5 11. Qb3 Bxc3 12. bxc3 b6 13. c4 dxc4 14. Qxc4 Be6 15. Qxc7 Qxc7 16. Bxc7 Na6 17. Bg3 Rac8 18. h3 Nb4 19. a4 a5 20. Bd6 Nd5 21. e4 Nc3 22. Rfe1 Bc4 23. e5 Rc6 24. Ra3 Bd5 25. Re3 Nd1 26. Red3 Nb2 27. Rdc3 Nc4 28. Ra1 Nxe5 29. Rxc6 Nxf3+ 30. gxf3 Bxc6 31. Kg2 Rd8 32. Bc7 Rxd4 33. Bxb6 Rxa4 34. Rc1 Bd7 35. Rc7 Be6 36. Ra7 h6 37. Rxa5 Rxa5 38. Bxa5 g5 39. Kg3 Kg7 40. Bc3+ Kg6 41. h4 f5 42. hxg5 hxg5 43. Be5 f4+ 44. Bxf4 1/2-1/2

[Event "WchT Rapid"]
[Site "London"]
[Date "2025.06.11"]
[Round "4.6"]
[White "Enkhbayar, Genden"]
[Black "Kiritshenko, Platon"]
[Result "1/2-1/2"]
[WhiteElo "1837"]
[BlackElo "1732"]
[PlyCount "138"]
[EventDate "2025.06.11"]
[EventType "team-swiss"]
[EventRounds "12"]
[EventCountry "ENG"]
[SourceTitle "CB25_2025"]
[SourceDate "2025.06.18"]
[SourceVersion "1"]
[SourceVersionDate "2025.06.18"]
[SourceQuality "1"]
[WhiteTeam "Mongolia II"]
[BlackTeam "OlalaStars"]
[WhiteTeamCountry "MGL"]
[BlackTeamCountry "EST"]

1. d4 Nf6 2. c4 e6 3. Nc3 d5 4. Nf3 Be7 5. e3 0-0 6. b3 Bb4 7. Bd2 Bxc3 8. Bxc3 Ne4 9. Bb2 Qe7 10. Bd3 f5 11. 0-0 Nd7 12. Qc1 g5 13. cxd5 exd5 14. Qxc7 Qf6 15. Rac1 g4 16. Ne5 Nxe5 17. dxe5 Qe6 18. f3 gxf3 19. Rxf3 Kh8 20. Bxe4 dxe4 21. Rh3 Bd7 22. Rd1 Rf7 23. Rd6 Rc8 24. Qxb7 Bc6 25. Qxf7 Qxf7 26. e6+ Qg7 27. Bxg7+ Kxg7 28. Kf2 Be8 29. Kg3 Rc7 30. Kf4 Kf6 31. Rd5 Bg6 32. Re5 Rc1 33. Ra5 Rc7 34. Ra6 Re7 35. b4 Rb7 36. a3 Be8 37. Rh6+ Kg7 38. Kg5 f4 39. exf4 Bg6 40. f5 e3 41. Rh3 h6+ 42. Kf4 Be8 43. Kxe3 Rc7 44. Kd4 Bb5 45. Rd6 Be8 46. Ke5 Rc1 47. f6+ Kg8 48. f7+ Bxf7 49. exf7+ Kxf7 50. Rf3+ Kg7 51. Rd7+ Kg6 52. Rg3+ Kh5 53. Rxa7 Re1+ 54. Kf4 Rf1+ 55. Rf3 Rc1 56. Rh3+ Kg6 57. Ra6+ Kg7 58. Rhxh6 Rf1+ 59. Kg5 Rf7 60. Rag6+ Kf8 61. Rf6 Kg7 62. Rxf7+ Kxf7 63. b5 Kg7 64. b6 Kf7 65. b7 Kg7 66. b8Q Kf7 67. Rf6+ Ke7 68. Qc7+ Ke8 69. Qg7 Kd8 1/2-1/2

[Event "WchT Rapid"]
[Site "London"]
[Date "2025.06.11"]
[Round "2.6"]
[White "Kiritshenko, Platon"]
[Black "Mortazavi, Sami"]
[Result "1-0"]
[WhiteElo "1732"]
[BlackElo "1714"]
[PlyCount "65"]
[EventDate "2025.06.11"]
[EventType "team-swiss"]
[EventRounds "12"]
[EventCountry "ENG"]
[SourceTitle "CB25_2025"]
[SourceDate "2025.06.18"]
[SourceVersion "1"]
[SourceVersionDate "2025.06.18"]
[SourceQuality "1"]
[WhiteTeam "OlalaStars"]
[BlackTeam "e-therapeutics"]
[WhiteTeamCountry "EST"]
[BlackTeamCountry "ENG"]

1. e4 g6 2. d4 Bg7 3. Nf3 d6 4. Bc4 Nf6 5. Nc3 0-0 6. 0-0 Nxe4 7. Nxe4 d5 8. Bd3 dxe4 9. Bxe4 c6 10. c3 Nd7 11. Bf4 Nf6 12. Bc2 Qb6 13. Bb3 Bf5 14. Ne5 Rad8 15. Qe2 Nd5 16. Bd2 c5 17. Be3 Nxe3 18. fxe3 Bxe5 19. dxe5 Bd3 20. Qf2 Bxf1 21. Rxf1 e6 22. Qf6 Rd2 23. Qf3 Rxb2 24. h4 h5 25. Kh1 Qd8 26. Qg3 Kh7 27. Rf6 Qe8 28. Qf4 b5 29. Bxe6 b4 30. Bxf7 Rxf7 31. Rxf7+ Kg8 32. Rxa7 bxc3 33. Qf6 1-0